Т. 1 : Национально-государственное строительство в СССР в переходный период от капитализма к социализму (1917-1936 гг.); История национально-государственного строительства в СССР 1917-1978

Bibliographische Detailangaben
Parent link:История национально-государственного строительства в СССР 1917-1978: в 2 т./ Академия наук СССР (АН СССР), Институт истории СССР ; отв. ред. В. П. Шерстобитов. Т. 1 : Национально-государственное строительство в СССР в переходный период от капитализма к социализму (1917-1936 гг.).— 3-е изд., доп. и перераб..— , 1979
Weitere Verfasser: Чугаев Д. А., Чистяков О. И., Городецкий Е. Н., Супруненко Н. И.
Zusammenfassung:Авт. указаны на с. 18-19
Sprache:Russisch
Veröffentlicht: 1979
Schlagworte:
Format: MixedMaterials Buch
KOHA link:https://koha.lib.tpu.ru/cgi-bin/koha/opac-detail.pl?biblionumber=324440

MARC

LEADER 00000nam2a2200000 4500
001 324440
005 20231102003652.0
035 |a (RuTPU)RU\TPU\book\350038 
090 |a 324440 
100 |a 20161116d1979 k y0rusy50 ca 
101 0 |a rus 
102 |a RU 
105 |a y z 001zy 
200 0 |a Т. 1 : Национально-государственное строительство в СССР в переходный период от капитализма к социализму (1917-1936 гг.)  |f Д. А. Чугаев [и др.] 
210 |d 1979 
215 |a 423 с. 
300 |a Авт. указаны на с. 18-19 
320 |a Библиогр.: с. 382-408 
320 |a Указатель имен: с. 409-412 
320 |a Указатель органов власти и управления: с. 413-420 
320 |a Архивные фонды, использованные в книге: с. 421 
461 1 |0 (RuTPU)RU\TPU\book\349898  |t История национально-государственного строительства в СССР 1917-1978  |o в 2 т.  |f Академия наук СССР (АН СССР), Институт истории СССР ; отв. ред. В. П. Шерстобитов  |v Т. 1 : Национально-государственное строительство в СССР в переходный период от капитализма к социализму (1917-1936 гг.)  |e 3-е изд., доп. и перераб.  |d 1979 
606 1 |a Национально-государственное строительство  |y СССР  |2 stltpush  |3 (RuTPU)RU\TPU\subj\45201  |9 64459 
610 1 |a история 
610 1 |a право 
610 1 |a государство 
610 1 |a национальная политика 
610 1 |a республики 
610 1 |a федерализация 
610 1 |a военная интервенция 
610 1 |a Гражданская война 1918-1921 
610 1 |a СССР 
610 1 |a размежевание 
610 1 |a социализм 
610 1 |a конституции 
686 |a Ф5(2)3  |v LBC/SL-A  |2 rubbk 
701 1 |a Чугаев  |b Д. А. 
701 1 |a Чистяков  |b О. И. 
701 1 |a Городецкий  |b Е. Н. 
701 1 |a Супруненко  |b Н. И. 
801 1 |a RU  |b 63413507  |c 20161116 
801 2 |a RU  |b 63413507  |c 20161118  |g RCR 
942 |c BK